000 00549nam a2200205 i 4500
001 16782
003 ES-MaACL
005 20230906151408.0
007 t|
008 001106q1947 fr ||||1| spa d
080 _a821.134.2-31"19"
100 1 _aAláiz, Felipe.
_919091
245 1 3 _aEl aparecido /
_cFelipe Aláiz.
260 _aToulouse :
_bUniverso,
_c[ca. 1947]
300 _a32 p. ;
_c18 cm.
490 1 _aLecturas para la juventud
830 1 _aLecturas para la juventud
_9180035
852 _aES-MaACL
_j2156-F-7
999 _c16782
_d16782